000 00503nam a22001697a 4500
999 _c524146
_d524146
003 NUST
038 _aWaseem
082 _a891.421
_bNOS
100 _aNoshahi, Syed Abu ul kamal Baraq
_914971
245 _aMaktubaat e Barqia /
_cSyed Abu ul kamal Noshahi
260 _aUK :
_bBazm e Noshahi Bred Ford ,
_c1985.
300 _a464 p. ;
500 _aHard cover.
880 _6100-02\r
_aسید ابوالکمال برق نوشاہی
880 _6245-02\r
_aمکتوبات برقیہ
942 _2ddc
_cBK